[Event "Nyiregyhaza op"]
[Site "Nyiregyhaza"]
[Date "2005.07.16"]
[Round "8"]
[White "Kovacs, Arpad"]
[Black "Pozsonyi, Istvan"]
[Result "1/2-1/2"]
[WhiteElo "2164"]
[BlackElo "2107"]
[PlyCount "114"]
[EventDate "2005.07.09"]
[EventType "swiss"]
[EventRounds "9"]
[EventCountry "HUN"]
[SourceTitle "EXT 2008"]
[Source "ChessBase"]
[SourceDate "2007.11.25"]
[SourceVersion "1"]
[SourceVersionDate "2007.11.25"]
[SourceQuality "1"]

1. d4 Nf6 2. Bg5 Ne4 3. Bf4 d5 4. e3 g6 5. Bd3 Bg7 6. f3 Nf6 7. Nd2 0-0 8. Qe2 c5 9. c3 Nc6 10. dxc5 a5 11. a4 e5 12. Bg5 Qe7 13. Nb3 Be6 14. f4 d4 15. exd4 Bxb3 16. fxe5 Rfe8 17. Nf3 Qd7 18. 0-0 Ng4 19. h3 Nh6 20. Nd2 Be6 21. Ne4 Nxd4 22. cxd4 Qxd4+ 23. Be3 Qxe5 24. Bxh6 Bf5 25. Bxg7 Kxg7 26. Nd6 Qxc5+ 27. Qf2 Qxd6 28. Bxf5 gxf5 29. Qxf5 Qg6 30. Qb5 Qc6 31. Qg5+ Qg6 32. Qb5 Qc6 33. Qb3 Re6 34. Qg3+ Rg6 35. Qe5+ Kg8 36. Rf2 b6 37. Qf4 Qe6 38. Rc1 Re8 39. Rc7 Re7 40. Rxe7 Qxe7 41. b3 Qe1+ 42. Kh2 Qe6 43. Qf3 Kg7 44. Qc3+ Kg8 45. g3 Qc6 46. Qe5 Qe6 47. Qxe6 Rxe6 48. Rf5 Re2+ 49. Kg1 Re3 50. Rb5 Rxg3+ 51. Kf2 Rg6 52. Kf3 Re6 53. h4 Kf8 54. Kf4 Ke7 55. Kf5 Rf6+ 56. Kg5 Rg6+ 57. Kf5 Rf6+ 1/2-1/2

[Event "Nyiregyhaza op"]
[Site "Nyiregyhaza"]
[Date "2005.07.15"]
[Round "7"]
[White "Balint, Vilmos"]
[Black "Kovacs, Arpad"]
[Result "1-0"]
[WhiteElo "2218"]
[BlackElo "2164"]
[PlyCount "67"]
[EventDate "2005.07.09"]
[EventType "swiss"]
[EventRounds "9"]
[EventCountry "HUN"]
[SourceTitle "EXT 2008"]
[Source "ChessBase"]
[SourceDate "2007.11.25"]
[SourceVersion "1"]
[SourceVersionDate "2007.11.25"]
[SourceQuality "1"]

1. e4 c5 2. Nf3 d6 3. d4 cxd4 4. Nxd4 Nf6 5. Nc3 a6 6. f3 e5 7. Nb3 Be6 8. Be3 Be7 9. Qd2 Qc7 10. g4 Nbd7 11. h4 Nc5 12. 0-0-0 0-0-0 13. g5 Nfd7 14. Nd5 Bxd5 15. Qxd5 Rhf8 16. Bh3 Kb8 17. Nxc5 Nxc5 18. Bf5 g6 19. Bg4 f5 20. gxf6 Bxf6 21. h5 Qe7 22. Kb1 Bg5 23. Bf2 Qc7 24. hxg6 hxg6 25. a3 a5 26. Rh3 a4 27. Bg3 Rf7 28. Rdh1 Rdf8 29. Rh8 Ka7 30. Bf2 Ka6 31. Qc4+ Ka7 32. Qxa4+ Kb8 33. Qc4 Qc6 34. Qxf7 1-0

[Event "Nyiregyhaza op"]
[Site "Nyiregyhaza"]
[Date "2005.07.14"]
[Round "6"]
[White "Kovacs, Arpad"]
[Black "Peczeli, Zoltan"]
[Result "1-0"]
[WhiteElo "2164"]
[BlackElo "2074"]
[PlyCount "61"]
[EventDate "2005.07.09"]
[EventType "swiss"]
[EventRounds "9"]
[EventCountry "HUN"]
[SourceTitle "EXT 2008"]
[Source "ChessBase"]
[SourceDate "2007.11.25"]
[SourceVersion "1"]
[SourceVersionDate "2007.11.25"]
[SourceQuality "1"]

1. d4 Nf6 2. c4 e6 3. a3 d5 4. e3 c6 5. Nc3 Nbd7 6. cxd5 exd5 7. Nf3 Bd6 8. Bd3 0-0 9. 0-0 Re8 10. Qc2 Nf8 11. b4 b5 12. e4 dxe4 13. Nxe4 Bb7 14. Bg5 Be7 15. Bxf6 Bxf6 16. Nc5 Qb6 17. Rac1 Rac8 18. a4 Ba8 19. a5 Qd8 20. Rfd1 h6 21. Bf5 Rc7 22. Na6 Rce7 23. d5 Re2 24. Qc5 Bg5 25. Nxg5 Qxg5 26. Bd3 R2e5 27. Nc7 Rc8 28. Qxa7 Qe7 29. Qb6 Nd7 30. Qd4 Nf6 31. d6 1-0

[Event "Nyiregyhaza op"]
[Site "Nyiregyhaza"]
[Date "2005.07.10"]
[Round "2"]
[White "Kovacs, Arpad"]
[Black "Kernazhitsky, Leonid"]
[Result "1/2-1/2"]
[WhiteElo "2164"]
[BlackElo "2358"]
[PlyCount "93"]
[EventDate "2005.07.09"]
[EventType "swiss"]
[EventRounds "9"]
[EventCountry "HUN"]
[SourceTitle "EXT 2008"]
[Source "ChessBase"]
[SourceDate "2007.11.25"]
[SourceVersion "1"]
[SourceVersionDate "2007.11.25"]
[SourceQuality "1"]

1. e4 c5 2. Nf3 Nc6 3. d4 cxd4 4. Nxd4 Nf6 5. Nc3 e5 6. Ndb5 d6 7. Bg5 a6 8. Na3 b5 9. Nd5 Be7 10. Nxe7 Nxe7 11. Bxf6 gxf6 12. Qd3 d5 13. c3 Bb7 14. exd5 Qxd5 15. 0-0-0 Qxd3 16. Rxd3 Nd5 17. Rd1 Nf4 18. Rg1 Rg8 19. g3 Ne6 20. Be2 f5 21. Bh5 Rd8 22. Rxd8+ Nxd8 23. Re1 Nc6 24. Nc2 Rg5 25. Bd1 Rg6 26. Ne3 Ne7 27. a4 Kf8 28. axb5 axb5 29. Bc2 Be4 30. f3 Bxf3 31. Nxf5 Nxf5 32. Bxf5 Rg5 33. Bxh7 e4 34. h4 Rh5 35. Bxe4 Re5 36. Bxf3 Rxe1+ 37. Kd2 Rg1 38. g4 Ke7 39. h5 Kf6 40. b4 Kg5 41. Bd5 f6 42. Be6 Kf4 43. Bd7 Rg3 44. Bf5 Rh3 45. Bd7 Rg3 46. Bf5 Rh3 47. Bd7 1/2-1/2

[Event "Nyiregyhaza op"]
[Site "Nyiregyhaza"]
[Date "2004.07.17"]
[Round "8"]
[White "Kovacs, Arpad"]
[Black "Balint, Vilmos"]
[Result "0-1"]
[WhiteElo "2142"]
[BlackElo "2274"]
[PlyCount "88"]
[EventDate "2004.07.10"]
[EventType "swiss"]
[EventRounds "9"]
[EventCountry "HUN"]
[SourceTitle "EXT 2008"]
[Source "ChessBase"]
[SourceDate "2007.11.25"]
[SourceVersion "1"]
[SourceVersionDate "2007.11.25"]
[SourceQuality "1"]

1. e4 c5 2. Nc3 Nc6 3. g3 g6 4. d3 Bg7 5. Bg2 e5 6. Nge2 Nge7 7. 0-0 d6 8. Be3 0-0 9. Qd2 Nd4 10. Bh6 Bxh6 11. Qxh6 Nxc2 12. Rac1 Nd4 13. Nxd4 cxd4 14. Ne2 Kh8 15. Rc2 Ng8 16. Qd2 Be6 17. Qb4 Rc8 18. Rfc1 Rxc2 19. Rxc2 Qd7 20. h4 Ne7 21. a3 Kg7 22. Kh2 f5 23. f3 d5 24. Nc1 dxe4 25. dxe4 Nc6 26. Qc5 Rd8 27. Nd3 Qd6 28. Qb5 Bc8 29. Rc5 Re8 30. Rd5 Qc7 31. Qc5 Re7 32. Rd6 Bd7 33. Nb4 Rf7 34. Nxc6 Bxc6 35. Qxe5+ Kg8 36. Qxd4 Rf8 37. Bf1 b5 38. e5 Bxf3 39. Bxb5 Qc2+ 40. Qd2 Qb1 41. Bc4+ Kh8 42. g4 f4 43. Kh3 Qh1+ 44. Qh2 Bg2# 0-1

[Event "Nyiregyhaza op"]
[Site "Nyiregyhaza"]
[Date "2003.07.10"]
[Round "6"]
[White "Varadi, Viktor"]
[Black "Kovacs, Arpad"]
[Result "1-0"]
[WhiteElo "2370"]
[BlackElo "2123"]
[PlyCount "51"]
[EventDate "2003.07.05"]
[EventType "swiss"]
[EventRounds "9"]
[EventCountry "HUN"]
[SourceTitle "EXT 2005"]
[Source "ChessBase"]
[SourceDate "2004.11.15"]
[SourceVersion "1"]
[SourceVersionDate "2004.11.15"]
[SourceQuality "1"]

1. e4 c5 2. Nf3 d6 3. d4 cxd4 4. Nxd4 Nf6 5. Nc3 g6 6. Be3 Bg7 7. f3 0-0 8. Qd2 Nc6 9. Bc4 Bd7 10. h4 h5 11. 0-0-0 Rc8 12. Bb3 Na5 13. g4 Nc4 14. Bxc4 Rxc4 15. Nb3 hxg4 16. h5 Nxh5 17. Bh6 Rxc3 18. bxc3 Ng3 19. Bxg7 Nxh1 20. Qh6 f6 21. Rxh1 Kf7 22. Qh7 Rg8 23. Bh6+ Ke6 24. Nd4+ Ke5 25. Bf4+ Kxf4 26. Qh2+ 1-0

[Event "Piremon Nyirsegi Torna op"]
[Site "Nyiregyhaza"]
[Date "2002.07.05"]
[Round "7"]
[White "Prokopisin, Vasily"]
[Black "Kovacs, Arpad"]
[Result "1-0"]
[WhiteElo "2332"]
[BlackElo "2109"]
[PlyCount "59"]
[EventDate "2002.06.29"]
[EventType "swiss"]
[EventRounds "9"]
[EventCountry "HUN"]
[SourceTitle "EXT 2004"]
[Source "ChessBase"]
[SourceDate "2003.11.25"]
[SourceVersion "1"]
[SourceVersionDate "2003.11.25"]
[SourceQuality "1"]

1. Nf3 Nf6 2. c4 c6 3. g3 d5 4. b3 Bf5 5. Bg2 e6 6. Bb2 Nbd7 7. 0-0 Be7 8. d3 0-0 9. Nbd2 Qb6 10. h3 h6 11. e4 dxe4 12. dxe4 Bg6 13. Nh4 Bh7 14. e5 Ne8 15. Qg4 a5 16. Ne4 Kh8 17. Rad1 Rd8 18. Bd4 c5 19. Bc3 Nb8 20. Rxd8 Qxd8 21. Rd1 Qc7 22. Nd6 Nc6 23. Nxf7+ Rxf7 24. Qxe6 Bxh4 25. Qxe8+ Bg8 26. gxh4 Re7 27. Qf8 Nd4 28. Bd5 Ne6 29. Bxe6 Rxe6 30. Rd8 1-0

[Event "Piremon Nyirsegi Torna op"]
[Site "Nyiregyhaza"]
[Date "2002.06.29"]
[Round "1"]
[White "Szeberenyi, Adam"]
[Black "Kovacs, Arpad"]
[Result "1-0"]
[WhiteElo "2395"]
[BlackElo "2109"]
[PlyCount "73"]
[EventDate "2002.06.29"]
[EventType "swiss"]
[EventRounds "9"]
[EventCountry "HUN"]
[SourceTitle "EXT 2004"]
[Source "ChessBase"]
[SourceDate "2003.11.25"]
[SourceVersion "1"]
[SourceVersionDate "2003.11.25"]
[SourceQuality "1"]

1. d4 Nf6 2. Nf3 d5 3. c4 c6 4. e3 e6 5. Bd3 Nbd7 6. 0-0 Bd6 7. Nbd2 0-0 8. e4 dxe4 9. Nxe4 Nxe4 10. Bxe4 Re8 11. b3 Qc7 12. Bb2 Nf8 13. Re1 Bd7 14. c5 Be7 15. Ne5 Bf6 16. Nc4 Ng6 17. Qh5 Nf8 18. Nd6 Re7 19. Rad1 Rd8 20. Bc1 Be8 21. Bf4 g6 22. Qf3 e5 23. dxe5 Bxe5 24. Bg5 f6 25. Bxf6 Bxf6 26. Qxf6 Re6 27. Qc3 Qe7 28. Bd3 b5 29. b4 Qg7 30. Qb3 Bf7 31. Qa3 Rxe1+ 32. Rxe1 Bd5 33. h3 Ne6 34. Be4 Bxe4 35. Rxe4 Ng5 36. Qb3+ Kh8 37. Rg4 1-0

[Event "Nyiregyhaza op"]
[Site "Nyiregyhaza"]
[Date "2001.07.15"]
[Round "9"]
[White "Rigan, Jozsef"]
[Black "Kovacs, Arpad"]
[Result "0-1"]
[WhiteElo "2057"]
[BlackElo "2108"]
[PlyCount "135"]
[EventDate "2001.07.07"]
[EventType "swiss"]
[EventRounds "9"]
[EventCountry "HUN"]
[SourceTitle "EXT 2008"]
[Source "ChessBase"]
[SourceDate "2007.11.25"]
[SourceVersion "1"]
[SourceVersionDate "2007.11.25"]
[SourceQuality "1"]

1. c4 Nf6 2. g3 e6 3. Qc2 d5 4. d3 c6 5. a3 g6 6. Bg2 Bg7 7. Bg5 Nbd7 8. h3 h6 9. Bd2 0-0 10. Nf3 Re8 11. e4 e5 12. 0-0 Qe7 13. cxd5 cxd5 14. Nc3 Nb6 15. exd5 Nfxd5 16. Rfe1 Qd8 17. Rad1 g5 18. Nxd5 Nxd5 19. d4 exd4 20. Rxe8+ Qxe8 21. Nxd4 Qe5 22. Bc3 Nxc3 23. bxc3 Rb8 24. Qd3 Qf6 25. Qc4 Bf8 26. Qa4 a6 27. Rd3 Qd6 28. Qb4 Qg6 29. Qb1 Bd7 30. Qd1 Ba4 31. Qd2 b6 32. Re3 Rd8 33. Be4 Qf6 34. Bb1 Bc5 35. Qe2 Bxd4 36. cxd4 Rxd4 37. Kh2 a5 38. Qb2 Qd6 39. Rf3 Bc6 40. Rc3 Rd1 41. Be4 Bd7 42. Qe2 Ra1 43. Qf3 Qe6 44. Qg2 Kg7 45. Re3 Qd6 46. Rd3 Qe7 47. f4 Re1 48. fxg5 hxg5 49. Bf3 Rb1 50. Qc2 Qe1 51. Qg2 Be6 52. Rd2 b5 53. Rb2 Bc4 54. Rxb1 Qxb1 55. h4 f6 56. Bc6 Qd3 57. hxg5 fxg5 58. Qb2+ Kh7 59. Bg2 Bd5 60. Qf6 Bxg2 61. Kxg2 Qe4+ 62. Kf2 Qc2+ 63. Kg1 b4 64. Qf8 Kg6 65. Qg8+ Kf6 66. Qh8+ Ke6 67. Qg8+ Kd6 68. Qd8+ 0-1

[Event "Nyiregyhaza op"]
[Site "Nyiregyhaza"]
[Date "2001.07.10"]
[Round "4"]
[White "Kovacs, Arpad"]
[Black "Kelemen, Imre"]
[Result "0-1"]
[WhiteElo "2108"]
[BlackElo "2174"]
[PlyCount "66"]
[EventDate "2001.07.07"]
[EventType "swiss"]
[EventRounds "9"]
[EventCountry "HUN"]
[SourceTitle "EXT 2008"]
[Source "ChessBase"]
[SourceDate "2007.11.25"]
[SourceVersion "1"]
[SourceVersionDate "2007.11.25"]
[SourceQuality "1"]

1. e4 c5 2. Nf3 Nc6 3. d4 cxd4 4. Nxd4 g6 5. Nc3 Bg7 6. Be3 Nf6 7. Bc4 0-0 8. Bb3 a6 9. f3 b5 10. Qd2 Re8 11. Qf2 Ne5 12. g4 Bb7 13. g5 Nh5 14. Nd5 e6 15. Nf4 Nxf4 16. Bxf4 Nc4 17. Bc1 d5 18. Bxc4 bxc4 19. Be3 dxe4 20. 0-0-0 Qa5 21. Kb1 e5 22. Ne2 exf3 23. Nc3 e4 24. Rhe1 Bxc3 25. bxc3 Bc6 26. Qd2 Rab8+ 27. Ka1 Red8 28. Bd4 Rb5 29. h4 Rf5 30. Qe3 Qa3 31. Bf6 Re8 32. Rf1 Ra5 33. Kb1 Rb5+ 0-1

[Event "Nyiregyhaza op"]
[Site "Nyiregyhaza"]
[Date "2001.07.07"]
[Round "1"]
[White "Mester, Gyula"]
[Black "Kovacs, Arpad"]
[Result "1-0"]
[WhiteElo "2397"]
[BlackElo "2108"]
[PlyCount "97"]
[EventDate "2001.07.07"]
[EventType "swiss"]
[EventRounds "9"]
[EventCountry "HUN"]
[SourceTitle "EXT 2008"]
[Source "ChessBase"]
[SourceDate "2007.11.25"]
[SourceVersion "1"]
[SourceVersionDate "2007.11.25"]
[SourceQuality "1"]

1. d4 Nf6 2. c4 e6 3. Nc3 d5 4. Bg5 Nbd7 5. cxd5 exd5 6. e3 c6 7. Bd3 Bd6 8. Nge2 h6 9. Bh4 0-0 10. Qc2 Re8 11. g4 g5 12. Bg3 Nf8 13. h3 c5 14. dxc5 Bxc5 15. 0-0-0 Bd7 16. h4 Rc8 17. hxg5 hxg5 18. Kb1 b5 19. Nxd5 Bxg4 20. Bf5 Bf3 21. Bxc8 Be4 22. Rd3 Nxd5 23. Rh5 Qxc8 24. Rxg5+ Ng6 25. Rgxd5 Bf8 26. Nc3 Bxd3 27. Qxd3 b4 28. Ne4 Qc6 29. Nd6 Re7 30. Qc4 Rc7 31. Qxc6 Rxc6 32. b3 Kg7 33. Nc4 Kf6 34. Rd7 a6 35. Kc2 Ke6 36. Rb7 f6 37. Kd3 Be7 38. f4 f5 39. Be1 Kd5 40. Bxb4 Bxb4 41. Rxb4 Nf8 42. Rb7 Rf6 43. b4 Ng6 44. a4 Rc6 45. Rd7+ Ke6 46. Rh7 Kd5 47. Rh5 Ke6 48. Kd4 Rc7 49. Ne5 1-0

[Event "Nyiregyhaza op"]
[Site "Nyiregyhaza"]
[Date "1999.07.14"]
[Round "5"]
[White "Korpas, Zoltan"]
[Black "Kovacs, Arpad"]
[Result "1-0"]
[WhiteElo "2095"]
[BlackElo "2097"]
[PlyCount "49"]
[EventDate "1999.07.??"]
[EventType "swiss"]
[EventRounds "9"]
[EventCountry "HUN"]
[SourceTitle "EXT 2004"]
[Source "ChessBase"]
[SourceDate "2003.11.25"]
[SourceVersion "1"]
[SourceVersionDate "2003.11.25"]
[SourceQuality "1"]

1. e4 c5 2. c3 d5 3. exd5 Qxd5 4. d4 Nc6 5. Nf3 Bg4 6. Be2 cxd4 7. cxd4 e6 8. 0-0 Nf6 9. Nc3 Qa5 10. Bd2 Be7 11. Ne5 Nxe5 12. dxe5 Bxe2 13. Qxe2 Nd5 14. Qg4 g6 15. Ne4 Qb6 16. Bg5 h6 17. Bxe7 Kxe7 18. Rad1 Rad8 19. Nd6 Kf8 20. Qf3 f5 21. Rxd5 exd5 22. Qxd5 Rh7 23. Qe6 Rg7 24. Rc1 f4 25. Rc8 1-0

[Event "Nyiregyhaza op"]
[Site "Nyiregyhaza"]
[Date "1998.??.??"]
[Round "8"]
[White "Nagy, Karoly"]
[Black "Kovacs, Arpad"]
[Result "0-1"]
[WhiteElo "2165"]
[BlackElo "2120"]
[PlyCount "120"]
[EventDate "1998.07.??"]
[EventType "swiss"]
[EventRounds "9"]
[EventCountry "HUN"]
[SourceTitle "EXT 2002"]
[Source "ChessBase"]
[SourceDate "2001.11.25"]
[SourceVersion "1"]
[SourceVersionDate "2001.11.25"]
[SourceQuality "1"]

1. e4 c5 2. Nf3 Nc6 3. d4 cxd4 4. Nxd4 Nf6 5. Nc3 e6 6. Be3 a6 7. Be2 Be7 8. 0-0 0-0 9. f4 d6 10. Bf3 Qc7 11. Qe1 Bd7 12. Rd1 Rad8 13. Kh1 Nxd4 14. Bxd4 Bc6 15. Qf2 Qc8 16. g4 Nd7 17. Be3 b5 18. Qg2 Qb7 19. Nd5 Nc5 20. Nxe7+ Qxe7 21. b4 Na4 22. f5 Nb2 23. Rde1 Nc4 24. Bd4 Ne5 25. Be2 Qh4 26. Bxe5 dxe5 27. Bd3 exf5 28. gxf5 f6 29. Re3 Rd4 30. a3 Rf7 31. Rfe1 Rfd7 32. Qg3 Qh5 33. Kg1 g5 34. Qh3 Qxh3 35. Rxh3 Kg7 36. Kf2 Rd8 37. Rg3 h5 38. Rge3 Kh6 39. Ke2 g4 40. h4 gxh3 41. Rh1 Rg8 42. Rexh3 Rg5 43. Ke3 Rd8 44. Be2 Be8 45. c4 bxc4 46. Bxc4 Bb5 47. Bd5 Rc8 48. R1h2 Rc3+ 49. Kd2 Rxh3 50. Rxh3 Rg2+ 51. Kc3 Kg5 52. Kb3 Kg4 53. Rc3 Rg3 54. Rxg3+ Kxg3 55. a4 h4 56. axb5 axb5 57. Bc6 h3 58. Bxb5 h2 59. Bc6 h1Q 60. b5 Qg1 0-1